[Event "Porticcio op 9th"]
[Site "Porticcio"]
[Date "2008.05.11"]
[Round "?"]
[White "Rataud, Didier"]
[Black "Luciani, Jean Francois"]
[Result "0-1"]
[WhiteElo "1928"]
[BlackElo "1750"]
[PlyCount "126"]
[EventDate "2008.05.09"]
[EventType "swiss"]
[EventRounds "11"]
[EventCountry "FRA"]
[SourceTitle "CBM 124 Extra"]
[Source "ChessBase"]
[SourceDate "2008.07.03"]
[SourceVersion "1"]
[SourceVersionDate "2008.07.03"]
[SourceQuality "1"]

1. e4 c5 2. Nc3 Nc6 3. g3 g6 4. Bg2 Bg7 5. d3 d6 6. Nf3 e6 7. 0-0 Nge7 8. Bg5 0-0 9. Qd2 Qa5 10. Bh6 d5 11. Bxg7 Kxg7 12. e5 Nf5 13. Rfe1 Bd7 14. Qf4 Nfd4 15. Qf6+ Kg8 16. Rac1 Nxf3+ 17. Bxf3 Nd4 18. Bg2 Qd8 19. Qxd8 Rfxd8 20. Nd1 Rac8 21. c3 Nf5 22. Ne3 Nxe3 23. fxe3 Bb5 24. Rcd1 Bc6 25. d4 cxd4 26. exd4 Bd7 27. Re3 b5 28. b4 Rc7 29. Rc1 Rdc8 30. Kf1 Rc4 31. a3 Rxd4 32. Ke2 Rdc4 33. Kd2 d4 34. Rd3 dxc3+ 35. Rdxc3 Rxc3 36. Rxc3 Rxc3 37. Kxc3 Kf8 38. Kd4 Ke7 39. Kc5 f6 40. Kd4 f5 41. Kc5 h6 42. Bf1 a6 43. Kb6 g5 44. Kxa6 f4 45. gxf4 gxf4 46. Kb6 Be8 47. Bd3 Bh5 48. Kxb5 f3 49. Bf1 Be8+ 50. Kb6 Ba4 51. Kc7 Bd1 52. b5 Be2 53. Bh3 Bxb5 54. Kb6 Be2 55. a4 f2 56. a5 f1Q 57. Bxf1 Bxf1 58. a6 Bg2 59. a7 Kf7 60. Kc7 Kg6 61. Kd6 Bd5 62. h3 Kf5 63. h4 h5 0-1

[Event "Porticcio op 9th"]
[Site "Porticcio"]
[Date "2008.05.11"]
[Round "?"]
[White "Rataud, Didier"]
[Black "Vincenti, Francois Xavier"]
[Result "0-1"]
[WhiteElo "1934"]
[BlackElo "1645"]
[PlyCount "46"]
[EventDate "2008.05.09"]
[EventType "swiss"]
[EventRounds "11"]
[EventCountry "FRA"]
[SourceTitle "CBM 124 Extra"]
[Source "ChessBase"]
[SourceDate "2008.07.03"]
[SourceVersion "1"]
[SourceVersionDate "2008.07.03"]
[SourceQuality "1"]

1. e4 e5 2. Nf3 Nc6 3. Bb5 Bc5 4. 0-0 d6 5. d4 exd4 6. Nxd4 Bd7 7. c3 Nge7 8. Bg5 0-0 9. Nxc6 Bxc6 10. Bxc6 bxc6 11. a4 a5 12. Nd2 Qd7 13. Nb3 Bb6 14. Nd4 Ng6 15. Nf5 d5 16. Qg4 Kh8 17. Bf4 Rae8 18. Rfe1 f6 19. Rad1 Nxf4 20. Qxf4 Qf7 21. Rd3 dxe4 22. Rxe4 Rxe4 23. Qxe4 Re8 0-1

[Event "Corsica-ch"]
[Site "Bastia"]
[Date "2007.06.02"]
[Round "1.1"]
[White "Rataud, Didier"]
[Black "Battesti, Marc Andria"]
[Result "1-0"]
[WhiteElo "1964"]
[BlackElo "1963"]
[PlyCount "96"]
[EventDate "2007.06.02"]
[EventType "k.o."]
[EventRounds "4"]
[EventCountry "FRA"]
[SourceTitle "CBM 119 Extra"]
[Source "ChessBase"]
[SourceDate "2007.09.04"]
[SourceVersion "1"]
[SourceVersionDate "2007.09.04"]
[SourceQuality "1"]

1. e4 e6 2. d4 d5 3. Nd2 Nf6 4. e5 Nfd7 5. Ngf3 c5 6. c3 Nc6 7. Bd3 cxd4 8. cxd4 f6 9. 0-0 fxe5 10. Nxe5 Nf6 11. Ndf3 Bd6 12. Re1 Qc7 13. Qe2 0-0 14. a3 Bd7 15. Nxd7 Qxd7 16. Qxe6+ Qxe6 17. Rxe6 Rad8 18. Bg5 Rfe8 19. Rae1 Rxe6 20. Rxe6 Kf7 21. Bf5 h6 22. Bxf6 gxf6 23. Re2 Bc7 24. Kf1 Bb6 25. Rc2 Kf8 26. Rd2 Na5 27. b4 Nc4 28. Rd3 a5 29. Nh4 axb4 30. axb4 Ra8 31. Be6 Nb2 32. Rg3 Ra1+ 33. Ke2 Na4 34. Bxd5 Bxd4 35. Rg8+ Ke7 36. Nf5+ Kd7 37. Rg7+ Kd8 38. Nxd4 Nc3+ 39. Kf3 Nxd5 40. Rxb7 Rb1 41. b5 Rb2 42. Rh7 Rd2 43. Ne6+ Kc8 44. Rxh6 Kb7 45. Nc5+ Kb6 46. Nd7+ Kxb5 47. Nxf6 Ne7 48. Rh5+ Kb6 1-0

[Event "Borgo Thursday op"]
[Site "Borgo"]
[Date "2007.04.??"]
[Round "?"]
[White "Humeau, Cyril"]
[Black "Rataud, Didier"]
[Result "1-0"]
[WhiteElo "2162"]
[BlackElo "1964"]
[PlyCount "97"]
[EventDate "2007.04.03"]
[EventType "swiss"]
[EventRounds "5"]
[EventCountry "FRA"]
[SourceTitle "CBM 117 Extra"]
[Source "ChessBase"]
[SourceDate "2007.05.09"]
[SourceVersion "1"]
[SourceVersionDate "2007.05.09"]
[SourceQuality "1"]

1. e4 e5 2. Nf3 Nc6 3. Bb5 a6 4. Ba4 Nf6 5. 0-0 Be7 6. Re1 b5 7. Bb3 d6 8. c3 0-0 9. h3 Na5 10. Bc2 c5 11. d4 Qc7 12. Bd2 Nc4 13. b3 Nxd2 14. Qxd2 Bd7 15. a4 Rac8 16. axb5 axb5 17. Na3 cxd4 18. cxd4 b4 19. Nc4 exd4 20. Nxd4 d5 21. exd5 Nxd5 22. Ra5 Bc5 23. Nf3 Be6 24. Ng5 Nf4 25. Bxh7+ Kh8 26. Rxc5 Qxc5 27. Qxf4 Bxc4 28. bxc4 f6 29. Ne6 Qh5 30. Nxf8 Rxf8 31. Bd3 b3 32. Bf1 b2 33. Rb1 g5 34. Qg3 Qg6 35. Rxb2 Kg7 36. Rb7+ Rf7 37. Rxf7+ Qxf7 38. c5 Qd5 39. Qd6 Qxd6 40. cxd6 Kf7 41. Bc4+ Ke8 42. Be6 Kd8 43. g4 Ke8 44. Kg2 Kd8 45. Kf3 Ke8 46. Ke4 Kd8 47. Kf5 Ke8 48. Kxf6 Kd8 49. Kxg5 1-0

[Event "Corsica-chT"]
[Site "Porticcio"]
[Date "2007.03.18"]
[Round "2.1"]
[White "Leibenguth, Jean"]
[Black "Rataud, Didier"]
[Result "0-1"]
[WhiteElo "1650"]
[BlackElo "1970"]
[PlyCount "90"]
[EventDate "2007.03.07"]
[EventType "team"]
[EventRounds "9"]
[EventCountry "FRA"]
[SourceTitle "CBM 117 Extra"]
[Source "ChessBase"]
[SourceDate "2007.05.09"]
[SourceVersion "1"]
[SourceVersionDate "2007.05.09"]
[SourceQuality "1"]
[WhiteTeam "Balagna CC II"]
[BlackTeam "Tour du Nebbiu"]
[WhiteTeamCountry "FRA"]
[BlackTeamCountry "FRA"]

1. e4 e5 2. Nf3 Nf6 3. Nc3 Nc6 4. Bc4 Be7 5. d3 0-0 6. Bg5 h6 7. Be3 d6 8. a3 Be6 9. Nd5 Na5 10. Nxf6+ Bxf6 11. Bxe6 fxe6 12. Qd2 Nc6 13. d4 d5 14. dxe5 Nxe5 15. Nxe5 Bxe5 16. Bd4 Qf6 17. c3 dxe4 18. Bxe5 Qxe5 19. 0-0 Rad8 20. Qe3 Rd3 21. Qxa7 b6 22. Qa4 e3 23. fxe3 Qxe3+ 24. Kh1 Rxf1+ 25. Rxf1 Qe2 26. Qf4 Rd2 27. Qf7+ Kh7 28. Rg1 Rd1 29. h3 Rxg1+ 30. Kxg1 Qc4 31. Qe7 b5 32. Qb4 Qd5 33. Qd4 c5 34. Qxd5 exd5 35. Kf2 Kg6 36. Ke3 Kf5 37. b3 Ke5 38. a4 c4 39. axb5 cxb3 40. Kd3 Kd6 41. b6 Kc6 42. b7 Kxb7 43. Kd2 Kc6 44. Kc1 Kb5 45. Kb2 Kc4 0-1

[Event "Bastiais Master 4th"]
[Site "Bastia"]
[Date "2006.11.??"]
[Round "?"]
[White "Rataud, Didier"]
[Black "Humeau, Aurelie"]
[Result "1-0"]
[WhiteElo "1970"]
[BlackElo "1680"]
[PlyCount "87"]
[EventDate "2006.11.??"]
[EventType "swiss"]
[EventRounds "9"]
[EventCountry "FRA"]
[SourceTitle "CBM 115 Extra"]
[Source "ChessBase"]
[SourceDate "2007.01.10"]
[SourceVersion "1"]
[SourceVersionDate "2007.01.10"]
[SourceQuality "1"]

1. e4 e5 2. Nf3 Nf6 3. Nxe5 d6 4. Nf3 Nxe4 5. Nc3 Nxc3 6. dxc3 Be7 7. Bf4 Nc6 8. Bd3 Be6 9. Nd4 Nxd4 10. cxd4 c6 11. 0-0 Qb6 12. Be3 d5 13. Re1 Bf6 14. c3 Qxb2 15. Rb1 Qxa2 16. Rxb7 0-0 17. Re2 Qa5 18. Qb1 h6 19. Ra2 Qd8 20. Raxa7 Rxa7 21. Rxa7 Qb8 22. Qxb8 Rxb8 23. Bf4 Re8 24. h3 g5 25. Bd6 Rd8 26. Bc5 Kg7 27. Kf1 Rb8 28. Ra6 Bd7 29. Ra7 Be6 30. Ke1 h5 31. Kd1 Rb2 32. Ra8 Kh6 33. h4 Bg7 34. Be7 f6 35. Ra7 f5 36. Rc7 Kg6 37. Rxc6 Kf7 38. Bxg5 Rxf2 39. Be2 Bf6 40. Bxf6 Kxf6 41. Ke1 Rxg2 42. Bf3 Rg3 43. Bxd5 Rxc3 44. Rxe6+ 1-0

[Event "Porticcio op 4th"]
[Site "Porticcio"]
[Date "2003.06.??"]
[Round "7"]
[White "Rataud, Didier"]
[Black "Stubbe, Damien"]
[Result "1/2-1/2"]
[WhiteElo "1860"]
[BlackElo "1750"]
[PlyCount "61"]
[EventDate "2003.06.??"]
[EventType "swiss"]
[EventRounds "9"]
[EventCountry "FRA"]
[SourceTitle "EXT 2007"]
[Source "ChessBase"]
[SourceDate "2006.11.23"]
[SourceVersion "1"]
[SourceVersionDate "2006.11.23"]
[SourceQuality "1"]

1. e4 e6 2. d4 d5 3. Nd2 Nf6 4. e5 Ne4 5. Bd3 c5 6. c3 Nc6 7. Nxe4 dxe4 8. Bxe4 cxd4 9. Bxc6+ bxc6 10. Qxd4 Qc7 11. Be3 c5 12. Qf4 Qb6 13. b3 Qa5 14. Bd2 Bb7 15. c4 Qc7 16. f3 g5 17. Qxg5 Bh6 18. Qf6 Bxd2+ 19. Kxd2 Qd7+ 20. Ke2 0-0 21. Rd1 Qc7 22. Nh3 Rfd8 23. Nf4 Qa5 24. h4 Qxa2+ 25. Ke3 Qxb3+ 26. Nd3 Kf8 27. Qh8+ Ke7 28. Qf6+ Ke8 29. Rd2 Ba6 30. Kf2 Bxc4 31. Qh8+ 1/2-1/2

[Event "Bastiais Master"]
[Site "Bastia"]
[Date "2003.??.??"]
[Round "?"]
[White "Rataud, Didier"]
[Black "Humeau, Cyril"]
[Result "0-1"]
[WhiteElo "1830"]
[BlackElo "2118"]
[PlyCount "64"]
[EventDate "2003.??.??"]
[EventType "swiss"]
[EventRounds "7"]
[EventCountry "FRA"]
[SourceTitle "EXT 2007"]
[Source "ChessBase"]
[SourceDate "2006.11.23"]
[SourceVersion "1"]
[SourceVersionDate "2006.11.23"]
[SourceQuality "1"]

1. e4 Nc6 2. d4 d5 3. e5 Bf5 4. c3 f6 5. f4 Qd7 6. Nf3 0-0-0 7. Bb5 a6 8. Be2 g5 9. b4 gxf4 10. b5 Nb8 11. bxa6 Nxa6 12. a4 Qc6 13. Qb3 Bg7 14. Bxf4 fxe5 15. Nxe5 Bxe5 16. Bxe5 Nf6 17. Na3 Rhg8 18. 0-0 Be4 19. g3 Ng4 20. Bxg4+ Rxg4 21. Rf4 Rxf4 22. Bxf4 h5 23. Ra2 h4 24. Rb2 hxg3 25. Bxg3 Rf8 26. Nb5 Kb8 27. Na3 Rf3 28. Nb5 Qg6 29. Nxc7 Rxg3+ 30. hxg3 Qxg3+ 31. Kf1 Bd3+ 32. Re2 Nxc7 0-1

[Event "Corsica CC op"]
[Site "Bastia"]
[Date "2002.02.06"]
[Round "4"]
[White "Rataud, Didier"]
[Black "Gilquin, Gerard"]
[Result "1-0"]
[WhiteElo "1850"]
[BlackElo "1820"]
[PlyCount "55"]
[EventDate "2002.??.??"]
[EventType "swiss"]
[EventRounds "5"]
[EventCountry "FRA"]
[SourceTitle "EXT 2006"]
[Source "ChessBase"]
[SourceDate "2005.11.24"]
[SourceVersion "1"]
[SourceVersionDate "2005.11.24"]
[SourceQuality "1"]

1. e4 c5 2. Nf3 Nc6 3. d4 cxd4 4. Nxd4 e6 5. Be2 Bc5 6. Nxc6 Qf6 7. 0-0 dxc6 8. Nd2 Ne7 9. Nf3 e5 10. c3 h6 11. b4 Bb6 12. c4 Bg4 13. c5 Rd8 14. Qa4 Bc7 15. Qxa7 Bc8 16. Be3 Qg6 17. Rfd1 Qxe4 18. Rxd8+ Kxd8 19. Rd1+ Nd5 20. b5 Ke7 21. Bd3 Qb4 22. Bd2 Qg4 23. b6 e4 24. Bxe4 Be5 25. Re1 f6 26. Nxe5 fxe5 27. Qb8 Qd7 28. Bf3 1-0